000 00595nam a22001937a 4500
005 20251108172852.0
008 250721s2003 xx 000 0 ara d
082 1 4 _a211.7 /طهر
100 1 _aالطهراوي، حسان محمد
245 1 0 _aنصائح للأحباب حملة القلم والكتاب /
250 _aط.3.
264 1 _aعمان :
_bدار يافا للنشر والتوزيع،
_c2003.
300 _a40 ص.
650 1 7 _aالقرآن الكريم
650 1 7 _aفقة القرآن
650 1 7 _aالوعظ والإرشاد
942 _2ddc
_cBK
999 _c90470
_d90470